00206nam a2200073Ia 4500008004100000082000800041100001700049245006600066240331s9999 xx 000 0 und d bSPI aSpivak , G.C 4aThe post-colonial critic :binterviews, strategies, dialogues